000 00523nam a2200181 4500
001 5015
005 20181127174613.0
020 0 0 _a9789868946774
090 0 0 _a243.1 G9775a 2015
100 _a Guoru Shi
_b
_c
_d
_e
_q
245 0 0 _aActivate your self - nature DNA /
_b
_cChan Master Guoru.
_h
250 0 0 _a2nd ed.
260 0 0 _aTaiwan :
_bBuddha Education Foundation,
_c2015.
300 0 0 _a230 p. ; 25 cm.
650 0 0 _aBuddhism --Doctrines.
_x
650 0 0 _aBuddhism --Study and teaching.
_x
999 _c4186
_d4186